Human Molecular Biology (Record no. 16470)

000 -LEADER
fixed length control field 00457nam a22001937a 4500
003 - CONTROL NUMBER IDENTIFIER
control field OSt
005 - DATE AND TIME OF LATEST TRANSACTION
control field 20170105103441.0
008 - FIXED-LENGTH DATA ELEMENTS--GENERAL INFORMATION
fixed length control field 120425t xxu||||| |||| 00| 0 eng d
020 ## - INTERNATIONAL STANDARD BOOK NUMBER
International Standard Book Number 0632046767
040 ## - CATALOGING SOURCE
Transcribing agency ASAB
050 ## - LIBRARY OF CONGRESS CALL NUMBER
Classification number 611.018 , SUR
100 ## - MAIN ENTRY--PERSONAL NAME
Personal name Stefan Surzycki
9 (RLIN) 137
243 ## - COLLECTIVE UNIFORM TITLE
Unifor title <a href="Laboratory Manual">Laboratory Manual</a>
245 ## - TITLE STATEMENT
Title Human Molecular Biology
300 ## - PHYSICAL DESCRIPTION
Extent 229
440 ## - SERIES STATEMENT/ADDED ENTRY--TITLE
Title Human Molecular Biology
9 (RLIN) 138
650 ## - SUBJECT ADDED ENTRY--TOPICAL TERM
Topical term or geographic name entry element Biology
9 (RLIN) 139
942 ## - ADDED ENTRY ELEMENTS (KOHA)
Source of classification or shelving scheme
Koha item type Book
Holdings
Withdrawn status Lost status Source of classification or shelving scheme Damaged status Not for loan Permanent Location Current Location Date acquired Total Checkouts Full call number Barcode Date last seen Date last checked out Copy number Price effective from Koha item type
          Atta-ur-Rahman School of Applied Biosciences (ASAB) Atta-ur-Rahman School of Applied Biosciences (ASAB) 04/25/2012 1 611.018 SUR ASAB1156 01/26/2016 09/30/2015 Photo Copy 04/25/2012 Book
          Atta-ur-Rahman School of Applied Biosciences (ASAB) Atta-ur-Rahman School of Applied Biosciences (ASAB) 04/25/2012   611.018 SUR ASAB1158 04/25/2012   Photo Copy 04/25/2012 Book
          Atta-ur-Rahman School of Applied Biosciences (ASAB) Atta-ur-Rahman School of Applied Biosciences (ASAB) 04/25/2012   611.018 SUR ASAB1159 04/25/2012   Photo Copy 04/25/2012 Book
          Atta-ur-Rahman School of Applied Biosciences (ASAB) Atta-ur-Rahman School of Applied Biosciences (ASAB) 04/25/2012   611.018 SUR ASAB1155 02/16/2017   Photo Copy 04/25/2012 Book
          Atta-ur-Rahman School of Applied Biosciences (ASAB) Atta-ur-Rahman School of Applied Biosciences (ASAB) 04/25/2012 1 611.018 SUR ASAB1157 08/31/2016 06/02/2016 Photo Copy 04/25/2012 Book
© 2023 Central Library, National University of Sciences and Technology. All Rights Reserved.